000 006340000a22002050004500
001 3374
003 CO-MdFUSB
005 20170622125257.0
008 170622b xxu||||| |||| 00| 0 eng d
040 _cCO-MdFUSB
041 0 _aENG
082 0 4 _aG 230.02 P296c
100 1 _aPaterson, Alexander Smith (1803?-1828)
245 1 0 _aA concise system of theology on the basis of the shorter catechism / Alexander Smith Paterson
250 _asegunda edición
260 _aPittsburgh, USA : W.W. Waters
_c1854
300 _axviii, 390 Pag
650 1 4 _aWESTMINSTER - ASAMBLEA \ IGLESIA DE ESCOCIA - CATECISMOS Y CREDOS
942 _cP
999 _c34050
_d34050